The Lord of the Rings lands - Statistics

General Stats
  • This quiz has been taken 127 times
  • The average score is 12 of 15
Answer Stats
Hint Answer % Correct
Minas Tirith Gondor
100%
Hobbiton The Shire
100%
Barad-dûr Mordor
94%
Helms Deep Rohan
94%
The Bridge of Khazad Dum Moria
90%
Pelennor Fields Gondor
88%
The Prancing Pony Bree
87%
Orthanc Isengard
87%
Tookland The Shire
86%
Edoras Rohan
85%
Dol Guldur Mirkwood
70%
Orodruin Mordor
70%
Dunharrow Rohan
58%
Nimrodel Lothlorien
51%
The Hall of Fire Rivendell
35%
No matching quizzes found
Score Distribution
Percent of People with Each Score
Percentile by Number Answered
Your Score History
You have not taken this quiz